| 000 -LEADER |
| fixed length control field |
00647nam a2200229Ia 4500 |
| 001 - CONTROL NUMBER |
| control field |
7831 |
| 003 - CONTROL NUMBER IDENTIFIER |
| control field |
GE_BSU |
| 005 - DATE AND TIME OF LATEST TRANSACTION |
| control field |
20220927105609.0 |
| 008 - FIXED-LENGTH DATA ELEMENTS--GENERAL INFORMATION |
| fixed length control field |
181216s2011en xx |||||||||||||| ||eng|| |
| 020 ## - INTERNATIONAL STANDARD BOOK NUMBER |
| International Standard Book Number |
9780071756433 |
| 040 ## - CATALOGING SOURCE |
| Transcribing agency |
GE_BSU |
| 041 ## - LANGUAGE CODE |
| Language code of text/sound track or separate title |
eng |
| 080 ## - UNIVERSAL DECIMAL CLASSIFICATION NUMBER |
| Universal Decimal Classification number |
621.3 M-21 |
| 100 ## - MAIN ENTRY--PERSONAL NAME |
| Personal name |
Malley, O'John |
| 9 (RLIN) |
14832 |
| 245 ## - TITLE STATEMENT |
| Title |
Basic Circuit Analysis / |
| Statement of responsibility, etc. |
O'John, Malley |
| 264 ## - PRODUCTION, PUBLICATION, DISTRIBUTION, MANUFACTURE, AND COPYRIGHT NOTICE |
| Place of production, publication, distribution, manufacture |
New York : |
| Name of producer, publisher, distributor, manufacturer |
Mc Graw-Hill, |
| Date of production, publication, distribution, manufacture, or copyright notice |
2011. |
| 300 ## - PHYSICAL DESCRIPTION |
| Extent |
419 p.: |
| Dimensions |
27 cm. |
| 653 ## - INDEX TERM--UNCONTROLLED |
| keyword |
Basic Circuit Analysis |
| 653 ## - INDEX TERM--UNCONTROLLED |
| keyword |
ძირითადი მიკროსქემის ანალიზი |
| 653 ## - INDEX TERM--UNCONTROLLED |
| keyword |
ტექნიკა |
| 942 ## - ADDED ENTRY ELEMENTS (KOHA) |
| Koha item type |
წიგნი |
| Source of classification or shelving scheme |
|